Italian Regions Quiz Stats

 Plays Quiz not verified by Sporcle

Challenge
Share
Tweet
Score 0/20 Timer 10:00
0 Plays Today
Numeri Regioni % Correct
2Lombardia, Milano
85.7%
20Sardegna, Cagliari
85.7%
5Veneto, Venezia
83.3%
15Lazio, Roma
83.3%
17Toscana, Firenze
83.3%
12Sicilia, Palermo
81%
14Campania, Napoli
76.2%
19Piemonte, Torino
71.4%
16Umbria, Perugia
66.7%
1Valle d'Aosta, Aosta
64.3%
Numeri Regioni % Correct
10Puglia, Bari
59.5%
3Trentino Alto Adige, Trento
52.4%
6Emilia Romagna, Bologna
45.2%
4Friuli Venezia Giulia, Trieste
42.9%
18Liguria, Genova
40.5%
8Abruzzo, L'Aquila
33.3%
9Molise, Campobasso
33.3%
7Marche, Ancona
31%
11Calabria, Catanzaro
28.6%
13Basilicata, Potenza
28.6%

You're not logged in!

Compare scores with friends on all Sporcle quizzes.
Join for Free
OR
Log In

You Might Also Like...

Show Comments

Extras

Created Jan 23, 2013ReportNominate
Tags:Italian Quiz, region

Top Quizzes Today


Score Distribution

Your Account Isn't Verified!

In order to create a playlist on Sporcle, you need to verify the email address you used during registration. Go to your Sporcle Settings to finish the process.

Report this User

Report this user for behavior that violates our Community Guidelines.

Details: